Introductory statistical analysis
This book introduce the nature of statistics. Descriptive statistics, organization of data, measures of location, measures of variability, organization of multivariate data...
Đã lưu trong:
| 主要作者: | |
|---|---|
| 格式: | 圖書 |
| 語言: | Undetermined |
| 出版: |
Boston
Houghton Mifflin
1974
|
| 主題: | |
| 標簽: |
添加標簽
沒有標簽, 成為第一個標記此記錄!
|
| Thư viện lưu trữ: | Trung tâm Học liệu Trường Đại học Cần Thơ |
|---|
| LEADER | 00694nam a2200193Ia 4500 | ||
|---|---|---|---|
| 001 | CTU_232539 | ||
| 008 | 210402s9999 xx 000 0 und d | ||
| 082 | |a 519.5 | ||
| 082 | |b A545 | ||
| 100 | |a Anderson, T. W. | ||
| 245 | 0 | |a Introductory statistical analysis | |
| 245 | 0 | |c T. W. Anderson, Stanley L. Sclove | |
| 260 | |a Boston | ||
| 260 | |b Houghton Mifflin | ||
| 260 | |c 1974 | ||
| 520 | |a This book introduce the nature of statistics. Descriptive statistics, organization of data, measures of location, measures of variability, organization of multivariate data... | ||
| 650 | |a Thống kê,Statistics | ||
| 910 | |b dqhieu | ||
| 980 | |a Trung tâm Học liệu Trường Đại học Cần Thơ | ||